Biggest Airlines by company revenue - Statistics

General Stats
  • This quiz has been taken 64 times
  • The average score is 6 of 10
Answer Stats
Revenue/Billion$ Answer % Correct
34.8 American Airlines
93%
35.1 Delta Air Lines
93%
16.9 Air France - KLM
81%
29 United Airlines
79%
19.9 Lufthansa Group
77%
15.8 Southwest Airlines
60%
10.9 Turkish Airlines
39%
10.4 China Eastern
37%
15.8 China Southern
37%
9.9 IAG / Brittish Airways - Iberia
28%
No matching quizzes found
Score Distribution
Percent of People with Each Score
Percentile by Number Answered
Your Score History
You have not taken this quiz